| 000 | 01184cab a22002055a 4500 | ||
|---|---|---|---|
| 001 | L140494 | ||
| 008 | 070925e20070920xxk f 000 0 eng d | ||
| 035 | _a(Sirsi) u140494 | ||
| 041 | 0 | _aeng | |
| 100 | 1 | _aKlein, Rudi | |
| 245 | 0 | 0 | _aReforming adjudication |
| 260 | _c2007 | ||
| 490 | 0 |
_aConstruction News _v(7036) 20 September 2007, 31(1) |
|
| 520 | _aExamines government proposals (L138559) outlining changes to the adjudication process. Discusses the increasing costs involved in adjudication and looks at proposals for a statutory framework to deal with this. The framework includes the proposal to outlaw contract clauses stating that decisions as to the amount of interim payments will be conclusive. Argues that this will have little benefit as it will not affect the final payment. In addition, suggests that government's proposals may actually increase the costs of adjudication. | ||
| 590 | _aKA | ||
| 650 | 2 | 4 | _aHOUSING GRANTS CONSTRUCTION AND REGENERATION ACT PART II |
| 651 | 4 |
_aGreat Britain _y1707- |
|
| 690 | _aMANAGEMENT-DISPUTE AVOIDANCE, MANAGEMENT AND RESOLUTION-DISPUTE MANAGEMENT AND RESOLUTION-ALTERNATIVE DISPUTE RESOLUTION-ADJUDICATION | ||
| 942 | _n0 | ||
| 999 |
_c79285 _d79285 |
||